Ekonomiko-matematičeskije metody v organizacii i planirovanii sel'skochozjajstvennogo proizvodstva

Gespeichert in:
Bibliographische Detailangaben
1. Verfasser: Tunejev, Michail Misrupovič
Weitere Verfasser: Suchorukov, Valentin Fedorovič
Format: Buch
Sprache:Russisch
Veröffentlicht: Moskva Finansy i statistika 1986
Ausgabe:2. pererab. i dopoln. izd.
Tags: Tag hinzufügen
Keine Tags, Fügen Sie das erste Tag hinzu!

MARC

LEADER 00000nam a2200000 4500
001 c105674
005 20041019155135.2
041 0 |a rus 
044 |a RU 
245 1 0 |a Ekonomiko-matematičeskije metody v organizacii i planirovanii sel'skochozjajstvennogo proizvodstva  |c Michail Misrupovič Tunejev, Valentin Fedorovič Suchorukov 
250 |a 2. pererab. i dopoln. izd. 
264 1 |a Moskva  |b Finansy i statistika  |c 1986 
300 |a 144 s. 
100 1 |a Tunejev, Michail Misrupovič 
700 1 |a Suchorukov, Valentin Fedorovič